01347nam a2200229 a 450000100100000000500170001000800410002702000180006804000250008608200150011110000280012624501370015426001420029130000280043370000300046195201270049195201270061895201270074595201120087295201180098499900150110200000349720200929150449.0090709s2009 dr a 000 0 spa d a9789993425854 aDO-SdBNPbspacBNPHU axxxbS223e1 aSanetra, Clemens91087010aEnfrentando el desafío global de la calidad :buna infraestructura nacional de la calidad /cClemens Sanetra, Rocío M. Marbán. aSanto Domingo :bInstituto Tecnológico de Santo Domingo (INTEC) : Dirección General de Normas y sistemas de calidad (DIGENOR),c2009. a135 P. :bil. ;c23 cm.1 aMarbán, Rocio M.910871 001054708DSaGRbGRcCTd2009-07-09iLF1l0oxxx S223ep3497-30r2020-06-25te. 3w2020-06-25yLFDSZPréstamo en sala 001054708DSaGRbGRcCTd2011-04-14iLF1l0oxxx S223ep3497-40r2020-06-25te. 4w2020-06-25yLFDSZPréstamo en sala 001054708DSaGRbGRcCTd2011-04-14iLF1l0oxxx S223ep3497-50r2020-06-25te. 5w2020-06-25yLFDSZPréstamo en sala 0010718PDaPDbPDcCTd2009-07-09iLF1l0oxxx S223ep3497-10r2020-06-25w2020-06-25yLFPDZNo se presta 0010718PDaPDbPDcCTd2009-07-09iLF1l0oxxx S223ep3497-20r2020-06-25te. 2w2020-06-25yLFPDZNo se presta c3325d3325